| 000 | 00675nam a22001817a 4500 | ||
|---|---|---|---|
| 005 | 20251108173057.0 | ||
| 008 | 250721s2003 xx 000 0 ara d | ||
| 082 | 1 | 4 | _a351.0035009565/ديه |
| 100 | 1 |
_aأبو ديه، سعد _eمؤلف |
|
| 245 | 1 | 0 | _aالسياسة الأردنية في البيانات الوزارية : تحليل مضمون أربعين بيان وزاري مع نصوصها الكاملة 1953-2000 / |
| 264 | 1 |
_aعمان : _bأمانة عمان الكبرى، _c2003. |
|
| 300 | _a496ص. | ||
| 650 | 1 | 7 | _aالسياسة الخارجية |
| 650 | 1 | 7 | _aالوزارات |
| 650 | 1 | 7 | _aتاريخ الأردن |
| 942 |
_2ddc _cBK |
||
| 999 |
_c95525 _d95525 |
||